| 000 | 00949nam a2200241Ia 4500 | ||
|---|---|---|---|
| 999 |
_c40204 _d40204 |
||
| 001 | 6811 | ||
| 003 | GE_BSU | ||
| 005 | 20200207162415.0 | ||
| 008 | 181216s1990||||ge |||||||||||||| ||geo|| | ||
| 020 | _a5505011411 | ||
| 040 | _cGE_BSU | ||
| 041 | _ageo | ||
| 080 | _a821.353.1+37.01 გ-59 | ||
| 100 |
_aგოგებაშვილი, იაკობ _96916 |
||
| 245 |
_aრჩეული თხზულებანი : _bტ. 5 / _cიაკობ გოგებაშვილი ; რედ. კ. მაჭარაშვილი ; შემდგ. კ. მაჭარაშვილი, ლ. ქაჯაია. |
||
| 260 | _aთბილისი | ||
| 260 | _bგანათლება | ||
| 260 | _c1990 | ||
| 300 |
_a525 გვ. ; _c20 სმ. |
||
| 653 | _aრჩეული თხზულებანი | ||
| 700 |
_aმაჭარაშვილი, კ. _eრედაქტორი _95558 |
||
| 942 |
_cBK _2udc |
||